LEADER 01039cam0-22003731i-450- 001 990006813010403321 005 20060124105946.0 010 $a88-420-4631-0 035 $a000681301 035 $aFED01000681301 035 $a(Aleph)000681301FED01 035 $a000681301 100 $a20010426d1995----km-y0itay50------ba 101 0 $aita 102 $aIT 105 $ay-------001yy 200 1 $a<>politica in Europa$eintroduzione alle istituzioni di 15 paesi$fa cura di Josep M. Colomer 210 $aRoma$aBari$cLaterza$d1995 215 $a471 p.$d20 cm 225 1 $aStoria e società 610 0 $aEuropa$aPolitica$a1945-1994 676 $a320.94 702 1$aColomer,$bJosep Maria$f<1949- > 801 0$aIT$bUNINA$gRICA$2UNIMARC 901 $aBK 912 $a990006813010403321 952 $aXIV H 244$b25849$fFSPBC 952 $aSE 109.01.23-$b4653$fDECSE 952 $aXV A 45$b1342$fDDCIC 959 $aFSPBC 959 $aDECSE 959 $aDDCIC 996 $aPolitica in Europa$9207349 997 $aUNINA LEADER 01067nam0-22003731i-450- 001 990000425510403321 005 20110914081152.0 010 $a88.7722.569.6 035 $a000042551 035 $aFED01000042551 035 $a(Aleph)000042551FED01 035 $a000042551 100 $a20020821d1994----km-y0itay50------ba 101 0 $aita 102 $aIT 105 $af-------001yy 200 1 $aManuale del consolidamento$econtributo alla nascente trattatistica$fPaolo Rocchi, Carmen Piccirilli, Sante Blasi 210 $aRoma$cEdizioni DEI$d1994 215 $a124 p., ill.,33 cm$cill.$d33 cm 610 0 $aCoperture 610 0 $aConsolidamento Strutturale 676 $a690.2 700 1$aRocchi,$bPaolo$f<1944- >$010585 702 1$aBlasi,$bSante 702 1$aPiccirilli,$bCarmen 801 0$aIT$bUNINA$gRICA$2UNIMARC 901 $aBK 912 $a990000425510403321 952 $a08 AA 609$b213$fDINED 952 $a50.451$b335$fDARST 959 $aDINED 959 $aDARST 996 $aMANUALE DEL CONSOLIDAMENTO$9317395 997 $aUNINA